000 00272nam a2200121Ia 4500
008 190216s9999||||xx |||||||||||||| ||und||
100 _aPalooru
245 0 _aTheerthayatra
260 _bPoorna Pubs Kozhikode
_c1973
300 _a98p
650 _aKavithakal
942 _cBK
999 _c25420
_d25420